000 02033nam a22002897a 4500
999 _c62962
_d62962
003 Ge_BSU
005 20250415105922.0
008 250415s2019 ge ||||| |||| 00| 0 geo d
020 _a9789941303050
041 _ageo
080 _a087.5(031) მ-86
245 _aმოსწავლის პირველი ენციკლოპედია /
_cმთარგმნელები: ნოდარ მანჩხაშვილი, ციცო ხოცუაშვილი, თეა ბაკურაძე, მეგი ქვეითია; რედაქტორები: რუსუდან გორგაძე, მარინე სოხაძე, დიანა ყასუმაშილი; დიზაინერი ია მახათაძე.
250 _aგანახლებული გამოცემა
264 _aთბილისი :
_bბაკურ სულაკაურის გამომცემლობა,
_c 2019.
300 _a320 გვ. :
_bილ. ;
_c28 სმ.
500 _aრუკების საძიებელი: გვ. 310-311.
501 _aსიტყვების საძიებელი: გვ. 312-318.
700 _aმანჩხაშვილი, ნოდარ
_eმთარგმნელი
_9394
700 _aხოცუაშვილი, ციცო
_eმთარგმნელი
_96306
700 _aბაკურაძე, თეა
_eმთარგმნელი
_924796
700 _aქვეითაია, მეგი
_eმთარგმნელი
_924797
700 _aგორგაძე, რუსუდან
_eრედაქტორი
_924798
700 _aსოხაძე, მარინე
_eრედაქტორი
_924799
700 _aყასუმაშვილი, დიამა
_eრედაქტორი
_924800
700 _aმახათაძე, ია
_e ყდის დიზაინერი
_95299
942 _2udc
_cᲬᲘᲒᲜᲘ